Stolice, które zaczynają się od samogłoski - Statystyki

Ogólne statystyki
  • Ten quiz został rozwiązany 59 razy
  • Średni wynik to 14 z 22
Statystyki odpowiedzi
Litera Odpowiedź % Poprawnych
A Amsterdam
85%
O Oslo
83%
A Ankara
75%
O Ottawa
74%
U Ułan Bator
74%
A Ateny
72%
E Erywań
70%
A Algier
68%
A Astana
66%
A Antananarywa
64%
A Abudża
62%
A Abu Zabi
62%
A Addis Abeba
58%
A Andora
58%
I Islamabad
58%
A Asuncion
57%
Y Yaren
57%
A Akra
51%
A Aszchabad
47%
A Amman
45%
A Apia
45%
A Asmara
42%
Nie znaleziono quizów pasujących do podanych kryteriów
Rozkład punktacji
Procent ludzi z każdym wynikiem
Percentyl według liczby udzielonych odpowiedzi
Twoja historia wyników
Nie rozwiązałeś tego quizu